[Event "Quebec-ch Intercoll"]
[Site "Longueuil"]
[Date "1994.04.03"]
[Round "5"]
[White "Bannon, Eric"]
[Black "D'Auteuil, Maurice"]
[Result "0-1"]
[WhiteElo "1643"]
[BlackElo "1853"]
[PlyCount "76"]
[EventDate "1994.04.01"]
[EventType "swiss"]
[EventRounds "6"]
[EventCountry "CAN"]
[SourceTitle "EXT 2022"]
[Source "ChessBase"]
[SourceDate "2021.10.06"]
[SourceVersion "1"]
[SourceVersionDate "2021.10.06"]
[SourceQuality "1"]

1. e4 c5 2. Nf3 Nc6 3. d4 cxd4 4. Nxd4 e5 5. Nb5 d6 6. c4 Be6 7. Bd3 Be7 8. N1c3 Rc8 9. 0-0 a6 10. Na3 h5 11. Nc2 g5 12. Ne3 g4 13. Nf5 Bxf5 14. exf5 Nf6 15. Be3 Rg8 16. Nd5 Nxd5 17. cxd5 Nb8 18. f4 gxf3 19. Qxf3 Bg5 20. f6 Bxe3+ 21. Qxe3 Nd7 22. Bf5 Rc5 23. Rac1 Rxc1 24. Rxc1 Qxf6 25. Bxd7+ Kxd7 26. Qh3+ Rg4 27. Qxh5 Qf3 28. Qxg4+ Qxg4 29. Rf1 f5 30. h3 Qd4+ 31. Kh2 f4 32. h4 Qe3 33. Rf3 Qe1 34. h5 Ke7 35. h6 Kf7 36. h7 Kg7 37. Rh3 Kh8 38. Rh6 Qg3+ 0-1

[Event "Quebec-ch Intercoll"]
[Site "Longueuil"]
[Date "1994.04.01"]
[Round "2"]
[White "D'Auteuil, Maurice"]
[Black "Brisebois, Serge"]
[Result "1-0"]
[WhiteElo "1853"]
[BlackElo "1591"]
[PlyCount "104"]
[EventDate "1994.04.01"]
[EventType "swiss"]
[EventRounds "6"]
[EventCountry "CAN"]
[SourceTitle "EXT 2022"]
[Source "ChessBase"]
[SourceDate "2021.10.06"]
[SourceVersion "1"]
[SourceVersionDate "2021.10.06"]
[SourceQuality "1"]

1. e4 d6 2. d4 Nf6 3. Nc3 g6 4. Be2 Bg7 5. Be3 c6 6. h3 b5 7. Bf3 0-0 8. Qd2 e5 9. dxe5 dxe5 10. Qxd8 Rxd8 11. Nge2 Be6 12. Nc1 Nbd7 13. Nd3 h6 14. 0-0 Ne8 15. Rfd1 Nc7 16. Nb4 c5 17. Nc6 Re8 18. Be2 a6 19. a4 b4 20. Nb1 Bf8 21. b3 f6 22. Nd2 Nb8 23. Na5 Ra7 24. Ndc4 Bxc4 25. Bxc4+ Kg7 26. Rd2 Ne6 27. Bxe6 Rxe6 28. Rd8 Nc6 29. Nxc6 Rxc6 30. Rad1 Rcc7 31. Bxh6+ Kxh6 32. Rxf8 Kg7 33. Rdd8 c4 34. Rc8 c3 35. Rxc7+ Rxc7 36. Rd8 Rc6 37. Kf1 Kf7 38. Ke2 Ke7 39. Rd5 Ke6 40. g4 f5 41. gxf5+ gxf5 42. Kf3 f4 43. Kg4 Rc7 44. Ra5 Rg7+ 45. Kf3 Ra7 46. h4 Ra8 47. h5 Kf6 48. h6 Kg6 49. Rxe5 Kxh6 50. Kxf4 Rd8 51. Rd5 Rf8+ 52. Ke3 Kg6 1-0

[Event "Quebec-ch Intercoll"]
[Site "Montreal"]
[Date "1990.04.15"]
[Round "6"]
[White "Nault, Charles"]
[Black "D'Auteuil, Maurice"]
[Result "1-0"]
[WhiteElo "1894"]
[BlackElo "1830"]
[PlyCount "56"]
[EventDate "1990.04.13"]
[EventType "swiss"]
[EventRounds "6"]
[EventCountry "CAN"]
[SourceTitle "EXT 2022"]
[Source "ChessBase"]
[SourceDate "2021.10.06"]
[SourceVersion "1"]
[SourceVersionDate "2021.10.06"]
[SourceQuality "1"]

1. e4 c5 2. c3 d5 3. exd5 Qxd5 4. Nf3 Nc6 5. Be2 e5 6. d4 cxd4 7. cxd4 exd4 8. Nc3 Bb4 9. 0-0 Bxc3 10. bxc3 Nge7 11. Nxd4 Nxd4 12. cxd4 0-0 13. Bf3 Qd6 14. a4 Rd8 15. Ba3 Qf6 16. Re1 Nf5 17. d5 Nd6 18. Qb3 b6 19. Rac1 Bd7 20. Qb4 Nf5 21. d6 Rac8 22. Rc7 Nd4 23. Bd1 Ne6 24. Bb2 Qg5 25. Re5 Qg6 26. Qc3 Nxc7 27. dxc7 Re8 28. Bc2 Qd6 1-0